000 00271nam a22001097a 4500
008 230629b xxu||||| |||| 00| 0 eng d
082 _a338.9
_bUNDP 2005
245 _aLinking Industrialization with Human Development
260 _c2005
300 _aV,56p
942 _2ddc
_cBK
999 _c3006
_d3006